| 000 | 00965nam a2200217 4500 | ||
|---|---|---|---|
| 008 | 060703s1992 enk b 001 0 eng d | ||
| 020 | _a1850753431 :USD58.67 | ||
| 090 |
_aBS536 _bW34p |
||
| 100 | 1 |
_aWatts, James W. _q(James Washington), _d1960- |
|
| 245 | 1 | 0 |
_aPsalm and story : _binset hymns in Hebrew narrative / _cJames W. Watts. |
| 260 |
_aSheffield, England : _bJSOT Press, _cc1992. |
||
| 300 |
_a246 p. ; _c23 cm. |
||
| 490 | 1 |
_aJournal for the study of the Old Testament. _pSupplement series ; _v139 |
|
| 500 | _aRevision of the author's thesis (Ph.D.)--Yale University, 1990, entitled "Psalms in narrative context of the Hebrew Bible". | ||
| 504 | _aIncludes bibliographical references (p. [221]-231) and indexes. | ||
| 630 | 0 | 4 |
_aBible. _pO.T. _xLanguage, style. |
| 650 | 4 | _aBible as literature. | |
| 650 | 4 |
_aHebrew poetry, Biblical _xHistory and criticism. |
|
| 951 |
_p29589 _x00033116 _oBS536/W34p _j070613111559656 _d2000-12-21 _cREF |
||
| 999 |
_c26969 _d26969 |
||